<?xml version="1.0" encoding="utf-8"?>
<?xml-stylesheet type='text/xsl' href='./oai2.xsl'?>
<OAI-PMH xmlns="http://www.openarchives.org/OAI/2.0/" xmlns:xsi="http://www.w3.org/2001/XMLSchema-instance" xsi:schemaLocation="http://www.openarchives.org/OAI/2.0/ http://www.openarchives.org/OAI/2.0/OAI-PMH.xsd">
  <responseDate>2026-06-07T01:18:03Z</responseDate>
  <request verb="GetRecord" metadataPrefix="marcxml" identifier="record_kuniweb_591958">https://kulturerbe.niedersachsen.de/oai</request>
  <GetRecord>
    <record>
      <header>
        <identifier>record_kuniweb_591958</identifier>
        <datestamp>2025-08-28T09:38:22Z</datestamp>
        <setSpec>slg0243</setSpec>
        <setSpec>slg0111</setSpec>
        <setSpec>slg0217</setSpec>
      </header>
      <metadata>
        <marc:record xmlns:marc="http://www.loc.gov/MARC21/slim" xsi:schemaLocation="http://www.loc.gov/MARC21/slim http://www.loc.gov/standards/marcxml/schema/MARC21slim.xsd">
          <marc:leader>12345nkm  22     uu 4500</marc:leader>
          <marc:controlfield tag="001">591958</marc:controlfield>
          <marc:controlfield tag="003">http://kuniweb.gbv.de</marc:controlfield>
          <marc:controlfield tag="005">2021-11-30T20:02:12</marc:controlfield>
          <marc:controlfield tag="008">|           ||||||||||||||||||||||</marc:controlfield>
          <marc:datafield tag="245" ind1="1" ind2="0">
            <marc:subfield code="a">Eisenteile zu den Spülschützen für Ingenieur Kaltschmidt aus Scharzfeld, 1920</marc:subfield>
          </marc:datafield>
          <marc:datafield tag="655" ind1=" " ind2="7">
            <marc:subfield code="a">Grafik</marc:subfield>
          </marc:datafield>
          <marc:datafield tag="046" ind1=" " ind2=" ">
            <marc:subfield code="k">1920-11-16</marc:subfield>
            <marc:subfield code="k">16.11.1920</marc:subfield>
          </marc:datafield>
          <marc:datafield tag="260" ind1=" " ind2=" ">
            <marc:subfield code="g">1920-11-16</marc:subfield>
            <marc:subfield code="g">16.11.1920</marc:subfield>
          </marc:datafield>
          <marc:datafield tag="520" ind1=" " ind2=" ">
            <marc:subfield code="a">Zeichnung – Bleistift
Herstellungsort – Königshütte, Bad Lauterberg

Auftraggeber und Standort: 
Ingenieur Kaltschmidt, Scharzfeld

Information:
Die Zeichnung ist auch als Blaupause vorhanden.

Anmerkung:
Spülschleusen wurden … gebaut, um Wasserzüge, Hafenbecken oder Hafeneinfahrten zu spülen und damit von Schlick und Sedimenten zu befreien. Vom Prinzip her gehört eine Spülschleuse zu den Silbauwerken.
Das bei Flut durch die Spülschleuse einlaufende Wasser füllte ein hinter der Schleuse liegendes Becken oder einen langen Spülgraben. Beim Höchststand der Flut wurde das Tor geschlossen und eine Stunde vor Erreichen des niedrigsten Außenwasserstands (Ebbe) spontan geöffnet, um einen Schwall  zum Spülen auszulösen. Sie wurden hauptsächlich bei Häfen mit großem Ebbe- und Flutwechsel angelegt. Bei gleichem Wasserstand außen und innen konnte die Spülschleuse auch zur Durchfahrt für Schiffe benutzt werden. Als letzte funktionsfähige Schleuse ihrer Art in Norddeutschland gilt die Gauensieker Spülschleuse bei Drochtersen an der Unter-Elbe.
Quelle:
Spülschleuse - Wikipedia
https://de.wikipedia.org › wiki › Spülschleuse






 (Förderkreis Königshütte Bad Lauterberg e.V.)

Maßstab: 1 zu 10</marc:subfield>
          </marc:datafield>
          <marc:datafield tag="650" ind1="1" ind2=" ">
            <marc:subfield code="a">Wehr</marc:subfield>
          </marc:datafield>
          <marc:datafield tag="650" ind1="1" ind2=" ">
            <marc:subfield code="a">Wassernutzung</marc:subfield>
          </marc:datafield>
          <marc:datafield tag="650" ind1="1" ind2=" ">
            <marc:subfield code="a">Grafik, Fotografie &gt; Zeichnung</marc:subfield>
          </marc:datafield>
          <marc:datafield tag="650" ind1="1" ind2=" ">
            <marc:subfield code="a">Handwerk</marc:subfield>
          </marc:datafield>
          <marc:datafield tag="650" ind1="1" ind2=" ">
            <marc:subfield code="a">Scharzfeld (Herzberg am Harz, Osterode am Harz, Niedersachsen)</marc:subfield>
          </marc:datafield>
          <marc:datafield tag="773" ind1="0" ind2=" ">
            <marc:subfield code="t">Wasserbauanlagen</marc:subfield>
          </marc:datafield>
          <marc:datafield tag="773" ind1="0" ind2=" ">
            <marc:subfield code="t">Mühlen-, Gips- und sonstige Anlagen</marc:subfield>
          </marc:datafield>
          <marc:datafield tag="773" ind1="0" ind2=" ">
            <marc:subfield code="t">Maschinenelemente, Zubehör und Werkzeuge</marc:subfield>
          </marc:datafield>
          <marc:datafield tag="852" ind1=" " ind2=" ">
            <marc:subfield code="a">Industriedenkmal Königshütte Bad Lauterberg im Harz</marc:subfield>
          </marc:datafield>
          <marc:datafield tag="" ind1=" " ind2=" ">
            <marc:subfield code="a">Namensnennung - Nicht kommerziell - Keine Bearbeitungen 4.0 International (CC BY-NC-ND 4.0)</marc:subfield>
          </marc:datafield>
        </marc:record>
      </metadata>
    </record>
  </GetRecord>
</OAI-PMH>
